Central Library OPAC University of Rajshahi
Normal view MARC view

Entry Topical Term

Number of records used in: 2

001 - CONTROL NUMBER

  • control field: 3388

003 - CONTROL NUMBER IDENTIFIER

  • control field: BD-RjUL

005 - DATE AND TIME OF LATEST TRANSACTION

  • control field: 20220602152729.0

008 - FIXED-LENGTH DATA ELEMENTS

  • fixed length control field: 220602|| aca||aabn | a|a d

040 ## - CATALOGING SOURCE

  • Original cataloging agency: BD-RjUL
  • Transcribing agency: BD-RjUL

150 ## - HEADING--TOPICAL TERM

  • Topical term or geographic name entry element: Ecobiology
  • Form subdivision: Lipoytic Properties

670 ## - SOURCE DATA FOUND

  • Source citation: Work cat.: (BD-RjUL)79902: Islam, Mohammad Amirul 3387, Ecobiology, Fishery, Nutritional Composition and Lipoytic Properties of Mugil Parsia Harvested from Suthern Region of Bangladesh /, 2005